Dr. Franz Hiller Deutsche Erziehung im neuen Staat : [könyvismertetés] /

Elmentve itt :
Bibliográfiai részletek
Szerző: Jankovits Miklós
További közreműködők: Hiller Franz
Dokumentumtípus: Cikk
Megjelent: 1937
Sorozat:Magyar pedagógia : a Magyar Tudományos Akadémia Pedagógiai Bizottságának folyóirata 46
Kulcsszavak:Nevelés Németország könyvismertetés 1930-as évek, Nevelés és oktatás
Online Access:http://misc.bibl.u-szeged.hu/11077
LEADER 00782nab a2200193 i 4500
001 misc11077
005 20191106142121.0
008 170607s1937 hu o 0|| hun d
022 |a 0025-0260 
040 |a SZTE Miscellanea Repozitórium  |b hun 
041 |a hun 
100 1 |a Jankovits Miklós 
245 1 0 |a Dr. Franz Hiller  |h [elektronikus dokumentum] :  |b Deutsche Erziehung im neuen Staat : [könyvismertetés] /  |c  Jankovits Miklós 
260 |c 1937 
300 |a 282-284 
490 0 |a Magyar pedagógia : a Magyar Tudományos Akadémia Pedagógiai Bizottságának folyóirata  |v 46 
695 |a Nevelés Németország könyvismertetés 1930-as évek, Nevelés és oktatás 
700 0 1 |a Hiller Franz 
856 4 0 |u http://misc.bibl.u-szeged.hu/11077/1/mp_1937_3688_282-284.pdf  |z Dokumentum-elérés